Hesse Lyrik Konkordanz : mit Wortindex und Wortfrequenzlisten /

Bibliographic Details
Main Author: Gottschalk, Günther
Format: Book
Language:German
Published: München ; New York : K.G. Saur, 1987.
Subjects:

MARC

Tag First Indicator Second Indicator Subfields
LEADER 00000cam a2200000 a 4500
001 in00000032202
005 20151007060427.0
008 880217s1987 gw 00110 ger d
020 |a 3598106866 
035 |a (OCoLC)17495758 
035 |9 AAC0823AM 
040 |a WAU  |c WAU  |d TXA  |d UtOrBLW 
049 |a TXAM  |c [A11687202] 
050 4 |a PT2617.E85  |b Z459 1987 
100 1 |a Gottschalk, Günther. 
245 1 0 |a Hesse Lyrik Konkordanz :  |b mit Wortindex und Wortfrequenzlisten /  |c Günther Gottschalk. 
264 1 |a München ;  |a New York :  |b K.G. Saur,  |c 1987. 
300 |a 837 pages ;  |c 30 cm. 
336 |a text  |b txt  |2 rdacontent 
337 |a unmediated  |b n  |2 rdamedia 
338 |a volume  |b nc  |2 rdacarrier 
500 |a Includes index. 
600 1 0 |a Hesse, Hermann,  |d 1877-1962  |x Concordances. 
600 1 0 |a Hesse, Hermann,  |d 1877-1962  |x Poetic works. 
999 |a MARS 
999 f f |s f172220e-c4d6-3847-80fe-6312d6283a94  |i 91f78e20-3c9d-3df5-91c1-523fd2022697  |t 0 
952 f f |p ric  |a Texas A&M University  |b Rellis Campus  |c Joint Library Facility  |d Remote Storage  |t 0  |e PT2617.E85 Z459 1987  |h Library of Congress classification  |i unmediated -- volume  |m A14811687202 
998 f f |a PT2617.E85 Z459 1987  |t 0  |l Remote Storage